000 00459nam a22001817a 4500
003 CEME
005 20210628203836.0
008 210308b xxu||||| |||| 00| 0 eng d
020 _a0-912150-09-2
040 _c.
082 _a378.125 MAG'O
100 _aMagnan, Bob
_967527
245 _a147 practical tips for teaching professors
260 _aUSA
_bMAGNA
_c1990
300 _a45P
650 _aCOLLEGE TEACHING UNITED STATES
_967528
942 _cBK
_2ddc
999 _c575286
_d575286